000 00443nam a22001697a 4500
005 20251108164246.0
008 250721s1960 xx 000 0 ara d
082 1 4 _a621.384/رزق
100 1 _aباسيلي، رزق
245 1 0 _aهندسة الراديو /
250 _aط4.
264 1 _aالقاهرة :
_bمكتبة النهضة مصر،
_c1960.
300 _a368ص
650 1 7 _aالراديو
942 _2ddc
_cBK
999 _c7677
_d7677